000 00419nam a22001577a 4500
999 _c258218
_d258217
003 OSt
005 20200515123026.0
008 200515b xxu||||| |||| 00| 0 eng d
020 _a9780136013082
040 _cN/A
100 _aDorothy Wakefield & Kathleen McLaughlin
245 _aElementary Statistics Picturing the Word
250 _a4th ed
260 _aNew Jersey
_bPearson Education
_c2009
942 _2lcc
_cBK